Images of rural India in the 20th century / (Record no. 19799)

MARC details
000 -LEADER
fixed length control field 01048nam a2200325 a 4500
001 - CONTROL NUMBER
control field 2520040
003 - CONTROL NUMBER IDENTIFIER
control field BDDh-ASL
005 - DATE AND TIME OF LATEST TRANSACTION
control field 20231015025816.0
008 - FIXED-LENGTH DATA ELEMENTS--GENERAL INFORMATION
fixed length control field 921230s1992 ii b 100 0 eng
010 ## - LIBRARY OF CONGRESS CONTROL NUMBER
LC control number 92909301
020 ## - INTERNATIONAL STANDARD BOOK NUMBER
International Standard Book Number 8120714202 :
Terms of availability Rs300.00
025 ## - OVERSEAS ACQUISITION NUMBER
Overseas acquisition number I-E-69891
040 ## - CATALOGING SOURCE
Original cataloging agency DLC
Transcribing agency DLC
Modifying agency DLC
-- BDDh-ASL
043 ## - GEOGRAPHIC AREA CODE
Geographic area code a-ii---
050 00 - LIBRARY OF CONGRESS CALL NUMBER
Classification number HN690.Z9
Item number C652927 1992
082 00 - DEWEY DECIMAL CLASSIFICATION NUMBER
Classification number 307.7209
Edition number 20
Item number BHI
245 00 - TITLE STATEMENT
Title Images of rural India in the 20th century /
Statement of responsibility, etc. edited by Alok Bhalla & Peter J. Bumke.
260 ## - PUBLICATION, DISTRIBUTION, ETC.
Place of publication, distribution, etc. New Delhi :
Name of publisher, distributor, etc. Sterling Publishers,
Date of publication, distribution, etc. c1992.
300 ## - PHYSICAL DESCRIPTION
Extent viii, 304 p., [2] leaves of plates :
Other physical details ill. ;
Dimensions 22 cm.
504 ## - BIBLIOGRAPHY, ETC. NOTE
Bibliography, etc. note Includes bibliographical references.
520 ## - SUMMARY, ETC.
Summary, etc. Seminar papers.
650 #0 - SUBJECT ADDED ENTRY--TOPICAL TERM
Topical term or geographic name entry element Rural development
Geographic subdivision India.
650 #0 - SUBJECT ADDED ENTRY--TOPICAL TERM
Topical term or geographic name entry element Agriculture and state
Geographic subdivision India.
700 1# - ADDED ENTRY--PERSONAL NAME
Personal name Bhalla, Alok.
700 1# - ADDED ENTRY--PERSONAL NAME
Personal name Bumke, Peter J.
740 0# - ADDED ENTRY--UNCONTROLLED RELATED/ANALYTICAL TITLE
Uncontrolled related/analytical title Rural India.
906 ## - LOCAL DATA ELEMENT F, LDF (RLIN)
a 7
b cbc
c orignew
d 3
e ncip
f 19
g y-gencatlg
942 ## - ADDED ENTRY ELEMENTS (KOHA)
Source of classification or shelving scheme Dewey Decimal Classification
Koha item type Books
Holdings
Withdrawn status Lost status Source of classification or shelving scheme Damaged status Not for loan Collection code Home library Current library Shelving location Date acquired Source of acquisition Total Checkouts Full call number Barcode Date last seen Copy number Price effective from Koha item type Public note
    Dewey Decimal Classification   Not For Loan Non-fiction Asiatic Society Library Asiatic Society Library Ludden Collection 12/19/2020 Donated by Prof. David Ludden   307.7209 BHI 103184 12/19/2020 C-1 12/19/2020 Books RARE

Powered by Koha